Nationwide monthly house price review (Record no. 105946)

MARC details
000 -LEADER
fixed length control field 01093cam a2200217 4500
001 - CONTROL NUMBER
control field ##L135203
008 - FIXED-LENGTH DATA ELEMENTS--GENERAL INFORMATION
fixed length control field 061004n2006 000 0 eng u
035 ## - SYSTEM CONTROL NUMBER
System control number (Sirsi) u135203
041 0# - LANGUAGE CODE
Language code of text/sound track or separate title eng
050 04 - LIBRARY OF CONGRESS CALL NUMBER
Classification number 333.33 $2 18
110 2# - MAIN ENTRY--CORPORATE NAME
Corporate name or jurisdiction name as entry element Nationwide Building Society
9 (RLIN) 1019
245 ## - TITLE STATEMENT
Title Nationwide monthly house price review
Remainder of title July 2006
260 ## - PUBLICATION, DISTRIBUTION, ETC.
Place of publication, distribution, etc. London
Name of publisher, distributor, etc. Nationwide
Date of publication, distribution, etc. 2006
490 #0 - SERIES STATEMENT
Series statement Nationwide Monthly House Price Review
Volume/sequential designation July 2006
520 ## - SUMMARY, ETC.
Summary, etc. House prices increased by 0.8% in July. The annual rate of house price inflation has reached 5.9%, more than double the rate of growth seen a year ago. The price of a typical UK house now stands at £ 167 733, £9 385 more than the same time last year. The worsening affordability is curtailing house purchase demand but boosting tenant demand.
650 24 - SUBJECT ADDED ENTRY--TOPICAL TERM
Topical term or geographic name entry element NATIONWIDE MONTHLY HOUSE PRICE REVIEW
651 #4 - SUBJECT ADDED ENTRY--GEOGRAPHIC NAME
Geographic name United Kingdom
Chronological subdivision
690 ## - LOCAL SUBJECT ADDED ENTRY--TOPICAL TERM (OCLC, RLIN)
Topical term or geographic name as entry element PROPERTY-RESIDENTIAL PROPERTY-RESIDENTIAL PROPERTY MARKET
856 40 - ELECTRONIC LOCATION AND ACCESS
Uniform Resource Identifier <a href="https://nationwide.co.uk/hpi/review.html">https://nationwide.co.uk/hpi/review.html</a>
Public note View the review free of charge at http://nationwide.co.uk...
942 ## - ADDED ENTRY ELEMENTS (KOHA)
Suppress in OPAC 0
Holdings
Withdrawn status Lost status Source of classification or shelving scheme Damaged status Not for loan Home library Current library Shelving location Date acquired Total Checkouts Full call number Barcode Date last seen Copy number Price effective from Koha item type
    Dewey Decimal Classification     Virtual Virtual Online 04/10/2006   ONLINE PUBLICATION 135203-2001 06/08/2019 1 06/08/2019 Book